Commemoration volume presented to Poojya Swami Ramananda Tirtha on his 61st birthday by the Shashtyabdipoortī Celebrations Committee on 23-10-1963 at Hyderabad, A.P. (Record no. 88225)

MARC details
000 -LEADER
fixed length control field 00811cam a2200217 4500
001 - CONTROL NUMBER
control field sa 68018179
003 - CONTROL NUMBER IDENTIFIER
control field DLC
005 - DATE AND TIME OF LATEST TRANSACTION
control field 20260227112709.0
008 - FIXED-LENGTH DATA ELEMENTS--GENERAL INFORMATION
fixed length control field 711013s1963 ii ach 010 0beng
010 ## - LIBRARY OF CONGRESS CONTROL NUMBER
LC control number sa 68018179
025 ## - OVERSEAS ACQUISITION NUMBER
Overseas acquisition number PL480:I-E-10579
040 ## - CATALOGING SOURCE
Original cataloging agency DLC
Transcribing agency DLC
Modifying agency DLC
041 0# - LANGUAGE CODE
Language code of text/sound track or separate title enghin
050 00 - LIBRARY OF CONGRESS CALL NUMBER
Classification number DS481.R278
Item number C6
245 00 - TITLE STATEMENT
Title Commemoration volume presented to Poojya Swami Ramananda Tirtha on his 61st birthday by the Shashtyabdipoortī Celebrations Committee on 23-10-1963 at Hyderabad, A.P.
260 ## - PUBLICATION, DISTRIBUTION, ETC.
Place of publication, distribution, etc. [Hyderabad,
Name of publisher, distributor, etc. Swami Ramananda Tirtha Shashtyabdipoorti Celebrations Committee,
Date of publication, distribution, etc. 1963]
300 ## - PHYSICAL DESCRIPTION
Extent [28], 127 p.
Other physical details illus., facsim., ports.
Dimensions 25 cm.
500 ## - GENERAL NOTE
General note English or Hindi.
600 00 - SUBJECT ADDED ENTRY--PERSONAL NAME
Personal name Ramananda Tirtha,
Titles and other words associated with a name Swami,
Dates associated with a name 1903-1972.
700 0# - ADDED ENTRY--PERSONAL NAME
Personal name Ramananda Tirtha,
Titles and other words associated with a name Swami,
Dates associated with a name 1903-1972.

No items available.

Powered by Koha